Units of study in opinion , information , and narrative writing (Record no. 25035)

MARC details
000 -LEADER
fixed length control field 00627nam a22001817a 4500
003 - CONTROL NUMBER IDENTIFIER
control field OSt
005 - DATE AND TIME OF LATEST TRANSACTION
control field 20260623130328.0
008 - FIXED-LENGTH DATA ELEMENTS--GENERAL INFORMATION
fixed length control field 260623b |||||||| |||| 00| 0 eng d
020 ## - INTERNATIONAL STANDARD BOOK NUMBER
International Standard Book Number 978-0-325-04915-1
040 ## - CATALOGING SOURCE
Transcribing agency Chuka University Library
050 ## - LIBRARY OF CONGRESS CALL NUMBER
Classification number LB 1529
Item number .U55 2014
100 ## - MAIN ENTRY--PERSONAL NAME
Personal name Calkins Lucy
9 (RLIN) 27666
245 ## - TITLE STATEMENT
Title Units of study in opinion , information , and narrative writing
Remainder of title A common core workshop curriculum
260 ## - PUBLICATION, DISTRIBUTION, ETC.
Place of publication, distribution, etc. New York
Name of publisher, distributor, etc. Firsthand
Date of publication, distribution, etc. 2014
300 ## - PHYSICAL DESCRIPTION
Extent 84
Other physical details Illustrations
650 ## - SUBJECT ADDED ENTRY--TOPICAL TERM
Topical term or geographic name entry element English language composition and exercises study and teaching (primary) United States
9 (RLIN) 27754
942 ## - ADDED ENTRY ELEMENTS (KOHA)
Source of classification or shelving scheme Library of Congress Classification
Koha item type Long Loan Books
Suppress in OPAC No

No items available.

Powered by Koha